| 000 | 00695nam a2200217Ia 4500 | ||
|---|---|---|---|
| 003 | GCL | ||
| 005 | 20240530103025.0 | ||
| 008 | 140319s9999 xx 000 0 ara d | ||
| 040 |
_aGCL / _cGCL |
||
| 082 | 0 | 4 |
_a962.054 _bق/ع ف |
| 100 | 1 | _aعادل ثابت | |
| 245 | 1 | 0 |
_aفاروق الاول : _bالملك الذى غدر به الجميع / _cعادل ثابت |
| 250 | _aط3 | ||
| 260 |
_aالقاهرة : _bمطابع الاخبار ، _c1989 |
||
| 300 |
_a287 ص ؛ _c24 سم |
||
| 650 | 0 | 4 |
_aمصر _xتاريخ _zالعصر الحديث |
| 650 | 0 | 4 | _aالملوك والحكام |
| 650 | 0 | 4 | _aالملك فاروق |
| 650 | 0 | 4 | _aالملوك المصريون |
| 942 |
_2ddc _cBK |
||
| 999 |
_c36237 _d36237 |
||